Historia del impresionismo /

Sparad:
Bibliografiska uppgifter
Huvudupphov: Rewald, John (autor)
Materialtyp: Bok
Språk:spanska
Utgiven: Barcelona, España : Seix Barral, 1972, c1972
Serie:(Biblioteca Breve de Bolsillo. Serie Mayor ; 4)
Ämnen:
Taggar: Lägg till en tagg
Inga taggar, Lägg till första taggen!

MARC

LEADER 00000nam^a2200000^a^4500
001 000395558
005 20250521000000.0
009 20260310121406.653
037 |a Acervo ITESO - Biblioteca 
041 |a ESP 
082 |a 709. 0344  |b REW V. 2 
100 |a Rewald, John  |e (autor) 
245 1 0 |a Historia del impresionismo /  |c J. Rewald ; tr. por Josep Elias. 
264 4 |a Barcelona, España :  |b Seix Barral,  |c 1972, c1972 
300 |a 258 p. 
336 |a texto  |b txt  |2 rdacontenido 
337 |a sin mediación  |b n  |2 rdamedio 
338 |a volumen  |b nc  |2 rdasoporte 
440 1 |a (Biblioteca Breve de Bolsillo.  |p Serie Mayor ;  |v 4) 
500 |a Traducción de: Histoire de l'impressionnisme 
649 |a XX 
650 |a Impresionismo -  |x Historia y Crítica -  |x Tema Principal 
650 |a Pintura Moderna -  |x Historia y Crítica 
650 |a Pintura -  |x Historia y Crítica 
650 |a Arte Moderno -  |x Historia y Crítica 
650 |a Arte -  |x Historia y Crítica 
910 |a Fondo General 
920 |a Impresos - Libros 
930 |a Colección General 
905 |a 101 
901 |a 0500290746  |b IT1  |c ACC  |i D76503  |u 20250521 
902 |a https://opac.biblio.iteso.mx/vufind/Record/000395558